| 000 | 00867nam a22002057a 4500 | ||
|---|---|---|---|
| 005 | 20240618125705.0 | ||
| 010 | _aHIN-127746 | ||
| 020 |
_c495.00 _a9789383485833 |
||
| 035 | _aHN-100092 | ||
| 037 | _bDBAD | ||
| 082 | _a921 | ||
| 100 |
_aवाजपेयी, हरीश _967557 |
||
| 245 |
_aमहात्मा बुद्ध और उनका जीवन _cहरीश वाजपेयी |
||
| 260 |
_aदिल्ली _bविज्ञान पुस्तक संसार _c2018 |
||
| 270 |
_a26/54,, गली नों 11, विश्वास नगर, शाहदरा _b दिल्ली _e110032 |
||
| 300 |
_a176 पृ. _c21सेमी.(साजिल्द) |
||
| 650 |
_aहिन्दी _967558 |
||
| 700 |
_964809 _aवाजपेयी, हरीश |
||
| 942 |
_2ddc _cHN _h921 _mवाजपे |
||
| 999 |
_c203377 _d203377 |
||